Countries with Highest Per Capita Wine Consumption - Statistics

General Stats
  • This quiz has been taken 132 times
  • The average score is 10 of 14
Answer Stats
liters per person annually country % Correct
34.1 Italy
98%
43.1 France
94%
43.7 Portugal
89%
37 Switzerland
80%
27.5 Greece
78%
29.4 Austria
75%
46.9 Croatia
72%
56.9 Andorra
70%
42.5 Slovenia
70%
27.4 Romania
66%
56.2 Vatican City
55%
30.7 Moldova
52%
40.4 Macedonia
43%
28.1 Uruguay
27%
No matching quizzes found
Score Distribution
Percent of People with Each Score
Percentile by Number Answered
Your Score History
You have not taken this quiz